Rozhodovanie zákazníka
Bedeker manažéra. Rozhodovací model kúpneho správania spotrebiteľa. Pravé spotrebiteľské správanie, návykové spotrebiteľské správanie.
Salvato in:
| Autore principale: | |
|---|---|
| Natura: | Capitolo di libro |
| Lingua: | slovacco |
| Soggetti: | |
| Tags: |
Nessun Tag, puoi essere il primo ad aggiungerne!!
|
MARC
| LEADER | 00000naa a2200000 4500 | ||
|---|---|---|---|
| 001 | r047714 | ||
| 005 | 20240502071341.9 | ||
| 041 | 0 | |a slo | |
| 044 | |a SK | ||
| 245 | 1 | 0 | |a Rozhodovanie zákazníka |c Hana Adamková |
| 520 | |a Bedeker manažéra. Rozhodovací model kúpneho správania spotrebiteľa. Pravé spotrebiteľské správanie, návykové spotrebiteľské správanie. | ||
| 610 | 2 | 0 | |a spotrebitelia |
| 610 | 2 | 0 | |a správanie spotrebiteľa |
| 610 | 2 | 0 | |a nákup |
| 610 | 2 | 0 | |a rozhodovanie |
| 100 | 1 | |a Adamková, Hana, 1969- | |